Вопросы атомной науки и техники. Серия : Информация, экономика и системы управления: научно-технический сборник

Bibliographische Detailangaben
Körperschaft: СССР Государственный комитет по использованию атомной энергии (ГКИАЭ)
Sprache:Russisch
Veröffentlicht: Москва, ЦНИИатоминформ, 1983-1985
Schlagworte:
Format: Schriftenreihe
KOHA link:https://koha.lib.tpu.ru/cgi-bin/koha/opac-detail.pl?biblionumber=380035

MARC

LEADER 00000nas1a2200000 4500
001 380035
005 20231101062637.0
035 |a (RuTPU)RU\TPU\prd\612 
035 |a BOOK00000612 
090 |a 380035 
100 |a 20011210c1978 k y0rusy50 ca 
101 0 |a rus 
102 |a RU 
110 |a agaz uu0 
200 1 |a Вопросы атомной науки и техники. Серия : Информация, экономика и системы управления  |e научно-технический сборник  |f СССР, Государственный комитет по использованию атомной энергии (ГКИАЭ) 
210 |a Москва  |c ЦНИИатоминформ  |d 1983-1985 
305 |a Издается с 1978 г. 
326 |a 6 номеров в год 
610 1 |a атомная наука 
610 1 |a атомная техника 
610 1 |a ядерные реакторы 
610 1 |a системы управления 
610 1 |a реакторы 
675 |a 621.039  |v 3 
712 0 1 |a СССР  |b Государственный комитет по использованию атомной энергии (ГКИАЭ)  |2 stltpush  |3 (RuTPU)RU\TPU\col\16930 
801 0 |a RU  |b 63413507  |c 20011210  |g PSBO 
801 2 |a RU  |b 63413507  |c 20130911  |g PSBO 
942 |c CR